|
|
|
|
| LEADER |
01453nam a2200349 a 4500 |
| 001 |
12776904 |
| 008 |
120124s2002 enk b 011 0 eng |
| 010 |
|
|
|a 2002069909
|
| 020 |
|
|
|a 0415277930 (HB)
|
| 020 |
|
|
|a 0415278066 (PB)
|
| 040 |
|
|
|a DNLM/DLC
|c DLC
|d DLC
|d BD-DhAAL
|
| 042 |
|
|
|a pcc
|
| 050 |
0 |
0 |
|a GN296
|b .N49 2002
|
| 082 |
0 |
0 |
|a 306.4/61
|2 21
|
| 245 |
0 |
0 |
|a New horizons in medical anthropology :
|b essays in honour of Charles Leslie /
|c edited by Mark Nichter and Margaret Lock.
|
| 260 |
|
|
|a London ;
|a New York :
|b Routledge,
|c 2002.
|
| 300 |
|
|
|a xii, 312 p. ;
|c 24 cm.
|
| 490 |
0 |
|
|a Theory and practice in medical anthropology and international health ;
|v v. 8
|
| 504 |
|
|
|a Includes bibliographical references and index.
|
| 541 |
|
|
|e 00024340
|
| 650 |
|
0 |
|a Medical anthropology.
|
| 650 |
1 |
2 |
|a Anthropology, Cultural.
|
| 650 |
2 |
2 |
|a Sociology, Medical.
|
| 600 |
1 |
0 |
|a Leslie, Charles M.,
|d 1923-2009.
|
| 655 |
|
7 |
|a Festschrift.
|2 mesh
|
| 700 |
1 |
|
|a Leslie, Charles M.,
|d 1923-2009.
|
| 700 |
1 |
|
|a Nichter, Mark.
|
| 700 |
1 |
|
|a Lock, Margaret M.
|
| 852 |
1 |
|
|a James P Grant School of Public Health
|c General Shelf.
|
| 999 |
|
|
|c 11810
|d 11810
|
| 952 |
|
|
|0 0
|1 0
|2 ddc
|4 0
|6 306_461000000000000_NEW
|7 0
|9 19260
|a JPGSPH
|b JPGSPH
|c GEN
|d 2012-01-19
|l 0
|o 306.461 NEW
|p 3060024340
|r 2012-01-24
|t 1
|w 2012-01-24
|y BK
|
| 952 |
|
|
|0 0
|1 0
|2 ddc
|4 0
|6 306_461000000000000_NEW
|7 0
|9 20784
|a JPGSPH
|b JPGSPH
|c GEN
|d 2012-07-22
|l 0
|o 306.461 NEW
|p 3060025673
|r 2012-07-22
|t 2
|w 2012-07-22
|y BK
|